Quick Pick: US Territories Quiz Stats

 Plays Quiz Updated Jul 30, 2017

Support Sporcle.
Go Orange.
Score 0/14 Timer 01:00
1 Play Today
% Correct
American Samoa
92.2%
US Virgin Islands
91.2%
Puerto Rico
89.9%
Guam
89.7%
Midway Islands
74.2%
Northern Mariana Islands
62.7%
Wake Island
58.7%
% Correct
Johnston Atoll
56.9%
Jarvis Island
50.3%
Howland Island
47.2%
Baker Island
46.4%
Palmyra Atoll
43.1%
Kingman Reef
36.1%
Navassa Island
35.8%

Today's Daily Dose

You're not logged in!

Compare scores with friends on all Sporcle quizzes.
OR
Log In
Forgot?

From the Vault

The Wide World of Simpsons Sports

by Pushcake

There have been so many Simpsons episodes, we'd be surprised if there are any sports they HAVEN'T played.
Remove Ads.
Support Sporcle.
Get the best of Sporcle when you Go Orange. This ad-free experience offers more features, more stats, and more fun while also helping to support Sporcle. Thank you for becoming a member.

Show Comments

Extras

Top Quizzes Today


Score Distribution

Your Account Isn't Verified!

In order to create a playlist on Sporcle, you need to verify the email address you used during registration. Go to your Sporcle Settings to finish the process.

Report this User

Report this user for behavior that violates our Community Guidelines.

Details: